| 000 | 004530000a22001690004500 | ||
|---|---|---|---|
| 041 | 0 | _aSPA | |
| 082 | 0 | 4 | _aG 487.4 S7326n |
| 100 | 1 | _aSpacht, Randall | |
| 245 | 1 | 0 | _aManual de estudios para griego avanzado / Randall Spacht |
| 260 | _aMedellín : Seminario Bíblico de Colombia | ||
| 300 | _a45 Pag | ||
| 001 | 11337 | ||
| 942 | _cBK | ||
| 999 |
_c40674 _d40674 |
||
| 336 |
_atexto _btxt _2rdacontent |
||
| 337 |
_2rdamedia _asin mediación _bn |
||
| 338 |
_2rdacarrier _avolumen _bnc |
||